00226nam a22000857a 4500082000800000100002000008245004400028260005900072300000900131 aJOH aJhonson,A .Iran aConstruction Engineering and Management aNew Yorkb American Society Of Civil Engineeringc1988 a149p